Statistics for Guess the Celebrity - By Picture #6

Click here to take the quiz!

General Stats

  • This quiz has been taken 4,023 times
  • The average score is 6 of 16

Answer Stats

Answer% Correct
Kendall Jenner
83%
Simon Cowell
78%
Margot Robbie
76%
Steve Carell
52%
Prince Philip
43%
Chance the Rapper
38%
Kristen Bell
38%
Ellie Goulding
34%
Ludacris
33%
Tyra banks
30%
Jon Favreau
21%
Mel B
18%
Will Arnett
13%
Josh Dallas
8%
Lukas Graham
8%
Benee
6%

Score Distribution

Percentile by Number Answered

Percent of People with Each Score

Your Score History

You have not taken this quiz